| Tag |
First Indicator |
Second Indicator |
Subfields |
| LEADER |
00000cam a22000004a 4500 |
| 001 |
in00003424621 |
| 005 |
20190405204038.0 |
| 006 |
m o d |
| 007 |
cr |||||||nn|n |
| 008 |
100331s2010 miu o d eng d |
| 010 |
|
|
|z 2010014120
|
| 020 |
|
|
|a 9780472024544
|
| 020 |
|
|
|z 9780472116379 (cloth : alk. paper)
|
| 020 |
|
|
|z 0472116371 (cloth : alk. paper)
|
| 035 |
|
|
|a (MdBmJHUP)muse9780472024544
|
| 040 |
|
|
|a MdBmJHUP
|c MdBmJHUP
|d UtOrBLW
|
| 043 |
|
|
|a n-us---
|
| 050 |
0 |
0 |
|a ML200.5
|b .Z35 2010
|
| 082 |
0 |
0 |
|a 781.640973/09045
|2 22
|
| 100 |
1 |
|
|a Zak, Albin.
|
| 245 |
1 |
0 |
|a I don't sound like nobody :
|b remaking music in 1950s America /
|c Albin J. Zak III.
|
| 264 |
|
1 |
|a Ann Arbor :
|b University of Michigan Press,
|c [2010]
|
| 264 |
|
4 |
|c ©2010
|
| 300 |
|
|
|a 1 online resource (x, 308 pages, 6 unnumbered pages of plates :) :
|b illustrations
|
| 336 |
|
|
|a text
|b txt
|2 rdacontent
|
| 337 |
|
|
|a computer
|b c
|2 rdamedia
|
| 338 |
|
|
|a online resource
|b cr
|2 rdacarrier
|
| 490 |
1 |
|
|a Tracking pop
|
| 504 |
|
|
|a Includes bibliographical references (pages 265-273), discography (pages 275-285), and index.
|
| 505 |
0 |
|
|a Records on the radio -- Shifting currents in the mainstream -- Hustlers and amateurs -- Crossing over -- Surface noise -- "Hail! hail! rock and roll" -- New traditions.
|
| 588 |
|
|
|a Description based on print version record.
|
| 500 |
|
|
|a Electronic resource.
|
| 650 |
|
0 |
|a Music trade
|z United States.
|
| 650 |
|
0 |
|a Music
|z United States
|y 20th century
|x History and criticism.
|
| 655 |
|
7 |
|a Electronic books.
|2 local
|
| 830 |
|
0 |
|a Tracking pop.
|
| 856 |
4 |
0 |
|u http://proxy.library.tamu.edu/login?url=http://muse.jhu.edu/books/9780472024544/
|z Connect to the full text of this electronic book
|t 0
|
| 999 |
|
|
|a MARS
|
| 999 |
f |
f |
|s c94ab19f-b66a-3b78-9a0d-eb11b27947e0
|i c0e600e2-62f0-3b06-8bf3-fb10ca1a35a0
|t 0
|
| 952 |
f |
f |
|a Texas A&M University
|b College Station
|c Electronic Resources
|d Available Online
|t 0
|e ML200.5 .Z35 2010
|h Library of Congress classification
|
| 998 |
f |
f |
|a ML200.5 .Z35 2010
|t 0
|l Available Online
|